LDR 00784naa#a2200217#i#450# 001 EN\\bibl\123252 005 20260604231809.4 011 ## _a2782-5957 100 ## _a20260529b2026####ek#y0engy0150####ca 102 ## _aRU 200 1# _aDYNAMIC MODEL OF 2TE25A DIESEL LOCOMOTIVE CARRIAGE _eJournal article 210 1# _aBryansk _cBryansk State Technical University _d2026 215 ## _a11 с. 608 ## _aJournal article _2local 675 ## _aЛокомотивы в зависимости от их назначения. 629.421 _z 686 ## _aЖелезнодорожный транспорт. 392 _2bbk 700 #1 _aPerfil'ev _gKonstantin Stepanovich 700 #1 _aVolohov _gGrigoriy Mihailovich 700 #1 _aZhuravlev _gSergey Nikolaevich 700 #1 _aOganyan _gEduard Sergeevich 856 4# _anaukaru.ru _u